01071nam a2200229 a 450000100100000000500170001000800410002702000180006804000250008608200150011110000450012624500850017126000370025630000210029350000600031450000620037450400280043695201280046495201130059295201190070599900170082400004618920201002052709.0150703s2015 dr a 000 0 spa d a9789945892765 aDO-SdBNPbspacBNPHU axxxxbxxxx1 aPérez de Disla, Digna Emérita95599410aFe sin limites :bla fe al alcance de todos /cDigna Emérita Pérez de Disla. aSanto Domingo :b[s. n.],c2015. a168 p. ;c22 cm. aIncluye datos biográficos de la autora en las solapas aLa biblioteca posee 1 ejemplar autografiado por la autora aBibliografía : p. 167 001054708DSaGRbGRcCTd2015-07-03iLF1l0oxxxx xxxxp46189-30r2020-06-25te. 3w2020-06-25yLFDSZPréstamo en sala 0010718PDaPDbPDcCTd2015-07-03iLF1l0oxxxx xxxxp46189-10r2020-06-25w2020-06-25yLFPDZNo se presta 0010718PDaPDbPDcCTd2015-07-03iLF1l0oxxxx xxxxp46189-20r2020-06-25te. 2w2020-06-25yLFPDZNo se presta c45678d45678